000 00355nam a2200145Ia 4500
008 231129s1985||||xx |||||||||||||| ||spa||
020 _a84-7530-701-9
040 _bspa
082 _a853 M238pi
100 _aMalaparte Curzio seud.
245 0 _aLa piel
260 _c1985
264 _aOrbis
942 _2ddc
_cBKS
999 _c17929
_d17929